000 00771na a2200265 4500
001 19733
003 MIRAKIL
005 20181213155117.0
008 161226b tu 000 0
020 _a9789944893312
040 _aMilas
_btur
_cTR-AnCHP
041 _atur
082 _a363.561
_bK27 2007
090 _a363.561 K27 2007
100 _aKasapoğlu, Erçin
245 _aDepremler ve Türkiye
_bhakkında bilmek istedikleriniz
_cErçin Kasapoğlu
260 _aAnkara
_bTMMOB Jeoloji Mühendisleri Odası
_c2007
300 _a158 s.
_bfotg.
_c24 sm.
490 _aTMMOB Jeoloji Mühendisleri Odası
_v99
500 _aDizin var.
500 _aKaynakça var.
650 _aDoğal afetler
_zTürkiye
650 _aDepremler
_zTürkiye
942 _2ddc
_cBKS
999 _c6740
_d6740